Vista normal Vista MARC

Entrada Personal Name

Número de registros utilizados en: 1

001 - CONTROL NUMBER

  • control field: 59692

003 - CONTROL NUMBER IDENTIFIER

  • control field: OSt

005 - DATE AND TIME OF LATEST TRANSACTION

  • control field: 20250605102608.0

008 - FIXED-LENGTH DATA ELEMENTS

  • fixed length control field: 250605|| aca||aabn | a|a d

040 ## - CATALOGING SOURCE

  • Original cataloging agency: OSt
  • Transcribing agency: OSt

100 ## - HEADING--PERSONAL NAME

  • Personal name: Osamu Tezuka
  • Dates associated with a name: 1928-1989

670 ## - SOURCE DATA FOUND

  • Source citation: Work cat.: (OSt)57168: Osamu Tezuka 1928-1989 autor, La canción de Apolo









Instituto Departamental de Cultura del Meta - Red Departamental de Bibliotecas Públicas del Meta.